000 00625nam a2200217 i 4500
001 C2-0310236
003 PPAK
005 20180729060858.0
008 110613s1995 my |||| ||||| | may d
040 _aPPAK
_beng
_cPPAK
_erda
082 0 4 _a297.55
_223
090 0 0 _a297.55
_bSOA
_dKMI
245 0 0 _aSoal jawab ibadat haji, umrah dan ziarah
264 1 _aKuala Lumpur :
_bLembaga Tabung Haji ,
_c1995
300 _axxviii, 128 pages :
_bcolour ;
_c18 cm
336 _2rdacontent
_atext
337 _2rdamedia
_aunmediated
338 _2rdacarrier
_avolume
650 1 0 _aMuslim pilgrims and pilgrimage.
942 _ddc
_cB
999 _c112719
_d112719